Social security reform : implications for the financial well-being of women : statement of Jane L. Ross, Director, Income Security Issues, Health, Education, and Human Services Division, before the Subcommittee on Social Security, Committee on Ways and Means, House of Representatives /

Bibliographic Details
Main Author: Ross, Jane L.
Corporate Authors: United States. General Accounting Office, United States. Congress. House. Committee on Ways and Means. Subcommittee on Social Security
Format: Government Document Microform Book
Language:English
Published: Washington, D.C. : The Officer, [1997]
Series:Testimony ; GAO/T-HEHS-97-112.
Subjects:
Online Access:Adobe Acrobat Reader required

MARC

Tag First Indicator Second Indicator Subfields
LEADER 00000cam a2200000 a 4500
001 in00000002612
007 he bmb024bbca
008 980511s1997 dcu bb f000 0 eng c
005 20230309222532.4
035 |a (OCoLC)ocm39097808 
035 |9 AJD5053AM 
035 |a in00000002612 
037 |a 158477  |b GAO (202) 512-6000 (Voice); (301) 258-4066 (Fax)  |f paper copy 
040 |a LNX  |c LNX  |d GPO  |d DLC  |d MvI  |d UtOrBLW 
042 |a pcc 
043 |a n-us--- 
049 |a UMIC 
049 |a WWW 
074 |a 0546-D-01 (MF) 
074 |a 0546-D-01 (online) 
086 0 |a GA 1.5/2:T-HEHS-97-112 
100 1 |a Ross, Jane L. 
245 1 0 |a Social security reform :  |b implications for the financial well-being of women : statement of Jane L. Ross, Director, Income Security Issues, Health, Education, and Human Services Division, before the Subcommittee on Social Security, Committee on Ways and Means, House of Representatives /  |c United States General Accounting Office. 
246 3 0 |a Implications for the financial well-being of women 
264 1 |a Washington, D.C. :  |b The Officer,  |c [1997] 
300 |a 15 pages ;  |c 28 cm. 
336 |a text  |b txt  |2 rdacontent 
337 |a microform  |b h  |2 rdamedia 
338 |a microfiche  |b he  |2 rdacarrier 
490 1 |a Testimony ;  |v GAO/T-HEHS-97-112 
500 |a Shipping list number: 98-0406-M. 
500 |a "April 10, 1997." 
500 |a Cover title. 
500 |a Shipping list number: 98-0406-P. 
504 |a Includes bibliographical references. 
533 |a Microfiche.  |b [Washington, D.C.] :  |c U.S. General Accounting Office,  |d [1997?]  |e 1 microfiche : negative. 
530 |a Also available via Internet from the GPO Access web site. Address as of 7/23/2001: http://frwebgate.access.gpo.gov/cgi-bin/getdoc.cgi?dbname=gao&docid=f:he97112t.pdf; current access is available via PURL. 
500 |a Microform. 
650 0 |a Social security  |z United States. 
650 0 |a Women  |x Pensions  |z United States. 
650 0 |a Women  |z United States  |x Retirement. 
650 0 |a Pensions  |z United States. 
650 0 |a Retirement income  |z United States. 
710 1 |a United States.  |b General Accounting Office. 
710 1 |a United States.  |b Congress.  |b House.  |b Committee on Ways and Means.  |b Subcommittee on Social Security. 
830 0 |a Testimony ;  |v GAO/T-HEHS-97-112. 
856 4 1 |u https://purl.fdlp.gov/GPO/LPS13562  |z Adobe Acrobat Reader required  |t 0 
999 |a MARS 
999 f f |i 1b6809a1-a257-39e6-8b1a-6c2351d6c945  |s 6d54394a-0f83-39ab-a535-3b6ba046669c  |t 0 
952 f f |p normal  |a Texas A&M University  |b College Station  |c Sterling C. Evans Library  |d Evans: US Documents Microfiche (3rd floor)  |t 0  |e GA 1.5/2:T-HEHS-97-112  |h Superintendent of Documents classification  |i microform -- microfiche  |m A14838371296 
952 f f |a Texas A&M University  |b College Station  |c Electronic Resources  |d Available Online  |t 0  |e GA 1.5/2:T-HEHS-97-112  |h Superintendent of Documents classification 
998 f f |a GA 1.5/2:T-HEHS-97-112  |t 0  |l Available Online 
998 f f |a GA 1.5/2:T-HEHS-97-112  |t 0  |l Evans: US Documents Microfiche (3rd floor)